000 00326nam a22001337a 4500
005 20170630103902.0
008 170630b xxu||||| |||| 00| 0 eng d
022 _a0566-2257
245 _aUniversity News
250 _aVol-55
260 _aNew Delhi
_bAssociations of Indian Universities
_c2017
300 _aP39
942 _cJRL
999 _c5490
_d5488